00403nam a2200121Ia 4500008004100000245004300041245001900084260000900103650002600112856005100138999001900189952007300208171211s9999 xx 000 0 und d aChokes and Strangles (Ground Fighting) cGeoff Thompson c2001 xFamily and Friendship uhttp://down.ebook777.com/065/9781840241723.pdf c350272d350272 001040aCLbCLd2017-12-11l0r2017-12-11 00:00:00w2017-12-11yCBE